[Event "Hastings Masters"]
[Site "?"]
[Date "2010.01.02"]
[Round "6.30"]
[White "Ledger, Dave J"]
[Black "Muheim, Sebastien"]
[Result "1-0"]
[WhiteElo "2227"]
[BlackElo "2040"]
[PlyCount "63"]
[EventDate "2010.??.??"]
[SourceDate "2010.01.02"]

1. e4 c5 2. Nf3 d6 3. d4 cxd4 4. Nxd4 Nf6 5. Nc3 a6 6. Be3 e6 7. g4 b5 8. f3 h6
9. Qd2 b4 10. Nce2 e5 11. Nf5 d5 12. Rd1 Be6 13. Neg3 d4 14. h4 Qc7 15. Bf2
Nbd7 16. Bd3 g6 17. Nxh6 Bxh6 18. g5 Bxg5 19. hxg5 Rxh1+ 20. Nxh1 Nh5 21. Qxb4
Rb8 22. Qa3 Bc4 23. Ng3 Nf4 24. Ne2 Nxe2 25. Kxe2 Bb5 26. Kd2 Rc8 27. Rh1 Qc5
28. Rh8+ Nf8 29. Bxb5+ axb5 30. Qxc5 Rxc5 31. Kd3 Ke7 32. Be1 1-0

[Event "Hastings Masters"]
[Site "?"]
[Date "2010.01.02"]
[Round "6.31"]
[White "Wilson, Alexandra"]
[Black "Rayner, Francis"]
[Result "0-1"]
[WhiteElo "2089"]
[BlackElo "2153"]
[PlyCount "58"]
[EventDate "2010.??.??"]
[SourceDate "2010.01.02"]

1. e4 Nf6 2. e5 Nd5 3. d4 d6 4. c4 Nb6 5. exd6 cxd6 6. Nc3 g6 7. Be3 Bg7 8. Qd2
Nc6 9. b3 d5 10. c5 Nd7 11. Rd1 Nf6 12. f3 O-O 13. Bb5 a6 14. Bxc6 bxc6 15.
Nge2 Re8 16. Bg5 a5 17. O-O Ba6 18. Rfe1 Nd7 19. f4 Qc7 20. f5 e5 21. fxe6 fxe6
22. Nf4 e5 23. dxe5 Nxe5 24. Ncxd5 cxd5 25. Qxd5+ Qf7 26. c6 h6 27. Qxf7+ Kxf7
28. Rxe5 Bxe5 29. Rd7+ Kg8 0-1

[Event "Hastings Masters"]
[Site "?"]
[Date "2010.01.02"]
[Round "6.32"]
[White "Norinceviciute, Rasa"]
[Black "Cafferty, Bernard"]
[Result "1/2-1/2"]
[WhiteElo "2027"]
[BlackElo "2141"]
[PlyCount "51"]
[EventDate "2010.??.??"]
[SourceDate "2010.01.02"]

1. c4 Nf6 2. g3 c6 3. Bg2 d5 4. Qc2 e5 5. d3 Na6 6. a3 Bd6 7. Nc3 dxc4 8. dxc4
O-O 9. Nf3 Bg4 10. O-O h6 11. Rd1 Qe7 12. e4 Nc7 13. h3 Bxf3 14. Bxf3 Ne6 15.
Ne2 Bc5 16. b4 Nd4 17. Nxd4 Bxd4 18. Rb1 Rfd8 19. Rb3 Rd7 20. Kg2 c5 21. b5 Rd6
22. Bg4 Rad8 23. Qe2 Ne8 24. Rbd3 Nc7 25. a4 Ne8 26. a5 1/2-1/2

[Event "Hastings Masters"]
[Site "?"]
[Date "2010.01.02"]
[Round "6.33"]
[White "Webb, Laurence"]
[Black "Brechin, Hugh R"]
[Result "1-0"]
[WhiteElo "2321"]
[BlackElo "2025"]
[PlyCount "77"]
[EventDate "2010.??.??"]
[SourceDate "2010.01.02"]

1. e4 c5 2. Nf3 d6 3. c3 Nf6 4. Bd3 Nc6 5. Bc2 Bg4 6. d4 Qb6 7. d5 Ne5 8. Nbd2
g6 9. h3 Nxf3+ 10. Nxf3 Bd7 11. e5 dxe5 12. Nxe5 Qd6 13. Bf4 Nxd5 14. Ba4 b5
15. Nxd7 Nxf4 16. Bxb5 O-O-O 17. Qf3 Nd3+ 18. Bxd3 Rxd7 19. Rd1 Qe6+ 20. Kf1
Kb8 21. g3 Qd5 22. Qxd5 Rxd5 23. Kg2 e6 24. Bc4 Rd6 25. h4 h5 26. b4 cxb4 27.
cxb4 Be7 28. a3 Rhd8 29. Rxd6 Rxd6 30. Bb5 Rd8 31. Rc1 Kb7 32. Kf1 Kb6 33. Ba4
Bf6 34. Rc2 Rd1+ 35. Ke2 Rd8 36. Bc6 Be7 37. Be4 a6 38. Rc6+ Kb7 39. Rxe6+ 1-0

[Event "Hastings Masters"]
[Site "?"]
[Date "2010.01.02"]
[Round "6.34"]
[White "Safarian, Alek"]
[Black "Marusenko, Petr"]
[Result "0-1"]
[WhiteElo "2018"]
[BlackElo "2264"]
[PlyCount "55"]
[EventDate "2010.??.??"]
[SourceDate "2010.01.02"]

1. d4 d5 2. c4 c6 3. Nc3 Nf6 4. g3 Bf5 5. Bg2 Nbd7 6. Nf3 e6 7. O-O dxc4 8. Re1
Bb4 9. Bf4 Nb6 10. Rc1 h6 11. Ne5 g5 12. e4 Bh7 13. Be3 Bxc3 14. bxc3 Bxe4 15.
Bxg5 hxg5 16. Bxe4 Nxe4 17. Rxe4 Qf6 18. Qf3 Qe7 19. Rce1 Rh6 20. Ng4 Rg6 21.
Qe2 O-O-O 22. Ne5 Rh6 23. f4 Rdh8 24. Ng4 Rh5 25. f5 Nd5 26. Qf3 Nf6 27. R4e2
Nxg4 28. Qxg4 {remaining moves illegible} 0-1

[Event "Hastings Masters"]
[Site "?"]
[Date "2010.01.02"]
[Round "6.35"]
[White "Kwiatkowski, Feliks"]
[Black "Webb, Matthew"]
[Result "1/2-1/2"]
[WhiteElo "2248"]
[BlackElo "1987"]
[PlyCount "183"]
[EventDate "2010.??.??"]
[SourceDate "2010.01.02"]

1. e4 g6 2. d4 Bg7 3. Nc3 d6 4. Be3 a6 5. a4 b6 6. Qd2 Nd7 7. h4 h6 8. Nge2
Ngf6 9. f3 Bb7 10. Ng3 h5 11. Be2 c5 12. d5 Ne5 13. Nd1 Qd7 14. c4 e6 15. Nc3
exd5 16. exd5 O-O 17. O-O Rfe8 18. Rab1 Qe7 19. Bf2 Rad8 20. Rfe1 Qf8 21. Be3
Nh7 22. Nge4 f5 23. Ng5 Nxg5 24. Bxg5 Rd7 25. b4 Nf7 26. bxc5 bxc5 27. Bf4 Bd4+
28. Kf1 Qg7 29. Nd1 Rde7 30. Bg3 Qf6 31. Bd3 Rxe1+ 32. Bxe1 Bc8 33. Rb8 Qe5 34.
Qe2 Kf8 35. Qxe5 Nxe5 36. Be2 Bd7 37. Rb6 Bxa4 38. Nf2 Nf7 39. Rxa6 Bd7 40. Ra7
Re7 41. Nd3 Ne5 42. Nf4 Rf7 43. Bd2 Ke8 44. Ra8+ Ke7 45. Ne6 Bxe6 46. Bg5+ Rf6
47. dxe6 Kxe6 48. Bxf6 Kxf6 49. f4 Nd7 50. Ra6 Ke6 51. Bf3 Nf6 52. Ra2 Ne4 53.
Re2 d5 54. g4 Kd6 55. Bxe4 fxe4 56. Ra2 dxc4 57. Ra6+ Ke7 58. Rxg6 hxg4 59.
Rxg4 Ke6 60. h5 c3 61. Ke1 Kf5 62. Rg2 Kxf4 63. h6 e3 64. h7 Bh8 65. Kd1 Kf3
66. Rh2 c4 67. Re2 Bg7 68. Ra2 Bh8 69. Ke1 Be5 70. Kd1 Bh8 71. Ke1 Be5 72. Kf1
Bd4 73. Rh2 Bh8 74. Ke1 Kg3 75. Ra2 Kf3 76. Kd1 Be5 77. Re2 Bd4 78. Rh2 Bh8 79.
Ke1 Kg3 80. Ra2 Kf3 81. Ra4 Be5 82. Ra2 Bh8 83. Rh2 Kg3 84. Re2 Kf3 85. Rc2 Be5
86. Kf1 Bd4 87. Ra2 Be5 88. Ke1 Bh8 89. Ra4 Be5 90. Ra2 Bh8 91. Kf1 Bd4 92. Ke1
1/2-1/2

[Event "Hastings Masters"]
[Site "?"]
[Date "2010.01.02"]
[Round "6.36"]
[White "Young, Mel J"]
[Black "Lock, Gavin R"]
[Result "0-1"]
[WhiteElo "1971"]
[BlackElo "2170"]
[PlyCount "74"]
[EventDate "2010.??.??"]
[SourceDate "2010.01.02"]

1. e4 e6 2. d4 d5 3. exd5 exd5 4. Nf3 Nc6 5. Bd3 Bd6 6. O-O Bg4 7. c4 Nf6 8.
Re1+ Be7 9. Be3 O-O 10. a3 dxc4 11. Bxc4 Bd6 12. Nc3 a6 13. Be2 h6 14. Nd2 Bf5
15. Bf3 Re8 16. Nc4 Qd7 17. Rc1 Ne4 18. Nxe4 Bxe4 19. Bxe4 Rxe4 20. Qf3 Rae8
21. Red1 Qe7 22. g3 Re6 23. Qg2 Rg6 24. Kh1 h5 25. h4 Qd7 26. Ne5 Bxe5 27. dxe5
Qg4 28. Bf4 Nxe5 29. Bxe5 Rxe5 30. Rd8+ Kh7 31. Rxc7 Rf6 32. Rd2 b5 33. Rc3 Qe6
34. Kh2 Re2 35. Rcd3 g6 36. Rd8 Kg7 37. R8d5 Rfxf2 0-1

[Event "Hastings Masters"]
[Site "?"]
[Date "2010.01.02"]
[Round "6.37"]
[White "Malhotra, Tarun"]
[Black "McKenna, Jason P"]
[Result "1/2-1/2"]
[WhiteElo "1735"]
[BlackElo "2147"]
[PlyCount "45"]
[EventDate "2010.??.??"]
[SourceDate "2010.01.02"]

1. c4 g6 2. d4 Bg7 3. Nc3 Nf6 4. e4 d6 5. f3 c6 6. Be3 a6 7. a4 a5 8. Nge2 Nfd7
9. Qd2 e5 10. O-O-O Na6 11. Kb1 Qe7 12. g4 Nb4 13. Ng3 b6 14. d5 c5 15. b3 Ba6
16. h4 O-O-O 17. Be2 Kb8 18. Rdg1 Ka7 19. Nd1 Rc8 20. Nb2 Rce8 21. Nd1 Rc8 22.
Nb2 Rce8 23. Nd1 1/2-1/2

[Event "Hastings Masters"]
[Site "?"]
[Date "2010.01.02"]
[Round "6.38"]
[White "Goodger, Martyn"]
[Black "Tari, Aryan"]
[Result "1/2-1/2"]
[WhiteElo "2147"]
[BlackElo "1932"]
[PlyCount "64"]
[EventDate "2010.??.??"]
[SourceDate "2010.01.02"]

1. e4 c6 2. c4 d5 3. cxd5 cxd5 4. exd5 Nf6 5. Nc3 Nxd5 6. Nf3 Nc6 7. Bb5 e6 8.
O-O Be7 9. d4 O-O 10. Re1 a6 11. Bxc6 bxc6 12. Ne5 Bb7 13. Na4 Rc8 14. Nd3 Bd6
15. Nac5 Qc7 16. Qh5 Nf6 17. Qh3 Rfd8 18. Bg5 Bxc5 19. dxc5 a5 20. Nf4 Re8 21.
Bxf6 Qxf4 22. Be5 Qf5 23. Qc3 f6 24. Bd6 Ra8 25. a4 Bc8 26. Bc7 e5 27. Bxa5 Be6
28. b4 Bd5 29. Red1 h5 30. Bc7 Qg6 31. f3 Qf7 32. Bd6 Bb3 1/2-1/2

[Event "Hastings Masters"]
[Site "?"]
[Date "2010.01.02"]
[Round "6.39"]
[White "Jaunooby, Ali R"]
[Black "Kirk, Jason"]
[Result "1-0"]
[WhiteElo "2171"]
[BlackElo "1994"]
[PlyCount "81"]
[EventDate "2010.??.??"]
[SourceDate "2010.01.02"]

1. d4 Nf6 2. c4 g6 3. g3 Bg7 4. Bg2 O-O 5. Nc3 d6 6. e3 Nc6 7. Nge2 e5 8. h3
Nd7 9. h4 h5 10. d5 Ne7 11. e4 Nf6 12. f3 Ne8 13. Be3 f5 14. Qd2 Nf6 15. O-O-O
a6 16. Kb1 Bd7 17. Rdf1 b5 18. c5 b4 19. Nd1 fxe4 20. fxe4 a5 21. c6 Bc8 22.
Nf2 Kh7 23. Ng1 Ng4 24. Nxg4 Rxf1+ 25. Bxf1 Bxg4 26. Nh3 Bxh3 27. Bxh3 Ng8 28.
Bg5 Bf6 29. g4 Qe7 30. gxh5 gxh5 31. Bf5+ Kh8 32. Bg6 Rf8 33. Qe2 Bxg5 34. hxg5
Kg7 35. Qxh5 Rf4 36. Bf5 Kf8 37. Qg6 a4 38. Rh7 b3 39. axb3 axb3 40. Kc1 Qe8
41. Qg7# 1-0

[Event "Hastings Masters"]
[Site "?"]
[Date "2010.01.02"]
[Round "6.40"]
[White "O'Toole, George E"]
[Black "Hoare, Amy"]
[Result "1/2-1/2"]
[WhiteElo "2146"]
[BlackElo "1797"]
[PlyCount "153"]
[EventDate "2010.??.??"]
[SourceDate "2010.01.02"]

1. e4 e5 2. Nf3 Nc6 3. Bc4 Bc5 4. c3 Nf6 5. d3 d6 6. Bb3 O-O 7. O-O h6 8. Bc2
Bb6 9. Nbd2 Re8 10. Nc4 Be6 11. Nxb6 axb6 12. a3 d5 13. Nd2 Qd7 14. Qe2 Rad8
15. h3 Qe7 16. b4 Qd6 17. Rd1 Qe7 18. Qf3 Na7 19. d4 exd4 20. e5 Nd7 21. cxd4
c5 22. Qd3 Nf8 23. Nf3 Nc6 24. bxc5 bxc5 25. Rb1 cxd4 26. Ba4 Qc7 27. Bb2 Bd7
28. Bxc6 bxc6 29. Bxd4 c5 30. Rdc1 Ne6 31. Qc3 Nxd4 32. Qxd4 c4 33. g4 Be6 34.
Rb4 Rb8 35. Rcb1 Rxb4 36. axb4 c3 37. Rc1 Rc8 38. b5 Qb7 39. Qb4 Rc4 40. Qa5
Kh7 41. Rxc3 Rxc3 42. Qxc3 Qxb5 43. Qe3 Qb1+ 44. Kg2 Qg6 45. Kg3 Qb1 46. Nh4
Qg1+ 47. Ng2 Qb1 48. f4 g6 49. Nh4 Qd1 50. f5 d4 51. Qe4 Qb3+ 52. Kh2 Qa2+ 53.
Kg1 Qa1+ 54. Kf2 Qa2+ 55. Qe2 Qxe2+ 56. Kxe2 Bc4+ 57. Kf2 gxf5 58. gxf5 Bd3 59.
Kf3 h5 60. Kf4 Bf1 61. Nf3 Kg7 62. h4 d3 63. Ke3 f6 64. e6 Kf8 65. Ng1 Ke7 66.
Nf3 Kf8 67. Nd2 Bh3 68. Kf4 Ke7 69. Ne4 Bg4 70. Nd2 Bh3 71. Ke4 Kf8 72. Nc4 Bg4
73. Kf4 Ke7 74. Nd2 Bh3 75. Ke4 Kf8 76. Nf3 Bg4 77. Nd2 1/2-1/2

[Event "Hastings Masters"]
[Site "?"]
[Date "2010.01.02"]
[Round "6.41"]
[White "Foord, Dominic"]
[Black "Kirk, Ezra"]
[Result "1-0"]
[WhiteElo "2051"]
[BlackElo "1919"]
[PlyCount "83"]
[EventDate "2010.??.??"]
[SourceDate "2010.01.02"]

1. d4 Nf6 2. c4 g6 3. Nc3 Bg7 4. e4 d6 5. Nf3 O-O 6. Be2 e5 7. O-O Nc6 8. d5
Ne7 9. b4 Nh5 10. Re1 Nf4 11. Bf1 f5 12. Bxf4 exf4 13. Rc1 a5 14. bxa5 Rxa5 15.
Qd2 Ra3 16. Nb5 Ra8 17. Qxf4 Rxa2 18. c5 fxe4 19. Qxe4 Nf5 20. Qc4 Ra5 21. cxd6
cxd6 22. Qb4 Qb6 23. Re4 Ra2 24. Qe1 Bd7 25. Nc3 Rb2 26. Nd1 Ra2 27. Qb4 Qa7
28. Rc7 Ra1 29. Rxb7 Qa2 30. Rxd7 Rxd1 31. Re1 Rxe1 32. Qxe1 Qxd5 33. Rc7 Qa8
34. Qe6+ Kh8 35. Ng5 Nh6 36. Qd7 Rg8 37. Qxd6 Qa5 38. h4 Rf8 39. Qxf8+ Bxf8 40.
Rxh7+ Kg8 41. Bc4+ Nf7 42. Bxf7# 1-0

[Event "Hastings Masters"]
[Site "?"]
[Date "2010.01.02"]
[Round "6.42"]
[White "Spanton, Tim R"]
[Black "Cumming, Rhys"]
[Result "1/2-1/2"]
[WhiteElo "2026"]
[BlackElo "1969"]
[PlyCount "83"]
[EventDate "2010.??.??"]
[SourceDate "2010.01.02"]

1. e4 e5 2. Nf3 Nc6 3. Bb5 f5 4. d4 fxe4 5. Bxc6 dxc6 6. Nxe5 Nf6 7. O-O Bd6 8.
Qe2 O-O 9. Qc4+ Nd5 10. Nc3 Be6 11. Qe2 Nxc3 12. bxc3 Bxe5 13. dxe5 Qd5 14. Re1
Bf5 15. Ba3 Rfe8 16. c4 Qxe5 17. Rab1 b6 18. Bb2 Qe6 19. Qh5 Bg6 20. Qe2 Bf7
21. Rbd1 Re7 22. Rd4 Rae8 23. Qd2 Qg6 24. Re3 c5 25. Rd8 Qc6 26. Rg3 Bg6 27. h4
Rxd8 28. Qxd8+ Qe8 29. Qd5+ Qf7 30. Qa8+ Re8 31. Qxa7 Rf8 32. h5 e3 33. fxe3
Qf2+ 34. Kh2 Qxc2 35. Bxg7 Rf5 36. hxg6 Rh5+ 37. Rh3 Rxh3+ 38. Kxh3 Qf5+ 39.
Kh2 Qh5+ 40. Kg1 Qd1+ 41. Kf2 Qc2+ 42. Kg1 1/2-1/2

[Event "Hastings Masters"]
[Site "?"]
[Date "2010.01.02"]
[Round "6.43"]
[White "Martinsen, Stig K"]
[Black "Campbell, Eoin"]
[Result "1-0"]
[WhiteElo "2240"]
[BlackElo "1910"]
[PlyCount "85"]
[EventDate "2010.??.??"]
[SourceDate "2010.01.02"]

1. d4 Nf6 2. Nf3 g6 3. Nc3 d5 4. Bf4 Bg7 5. e3 O-O 6. Be2 c5 7. Ne5 Nc6 8. O-O
cxd4 9. exd4 Qb6 10. Nxc6 Qxc6 11. Bb5 Qb6 12. a4 Qa5 13. Be5 a6 14. Bd3 Bd7
15. Qf3 Bc6 16. Rfb1 Qb4 17. h3 Ne4 18. Nxd5 Bxd5 19. Bxe4 Bxe5 20. c3 Bxe4 21.
Qxe4 Qd6 22. Qxe5 Qxe5 23. dxe5 b5 24. axb5 axb5 25. Kf1 Rab8 26. Rd1 Rb7 27.
Ke2 Rc8 28. Rd4 Rc4 29. Ra8+ Kg7 30. Rad8 Rbc7 31. Kd3 e6 32. Rb8 R4c5 33. f4
f6 34. exf6+ Kxf6 35. Rb6 Ke7 36. Rdd6 Rd7 37. Rxd7+ Kxd7 38. Rb7+ Kd6 39. Rxh7
Rd5+ 40. Ke2 Rf5 41. Rb7 Rxf4 42. Rxb5 Re4+ 43. Kd3 1-0

[Event "Hastings Masters"]
[Site "?"]
[Date "2010.01.02"]
[Round "6.44"]
[White "Lemier, Jude"]
[Black "Straub, Peter"]
[Result "1/2-1/2"]
[WhiteElo "1828"]
[BlackElo "2122"]
[PlyCount "89"]
[EventDate "2010.??.??"]
[SourceDate "2010.01.02"]

1. e4 c5 2. Nf3 e6 3. d4 cxd4 4. Nxd4 a6 5. Nc3 Bc5 6. Be3 Qc7 7. Bd3 Nf6 8.
O-O O-O 9. Kh1 d5 10. exd5 exd5 11. h3 b5 12. Qd2 Bb7 13. Nce2 Ne4 14. Bxe4
dxe4 15. Rad1 Bb6 16. Ng3 Nc6 17. Ngf5 Nxd4 18. Bxd4 Rfd8 19. Qg5 Bxd4 20. Rxd4
f6 21. Qg4 Rxd4 22. Nxd4 Qc4 23. Rd1 Rd8 24. b3 Qd5 25. Rd2 h5 26. Qg3 Re8 27.
Qg6 Qf7 28. Qxf7+ Kxf7 29. Nf5 Kg6 30. Nd6 Re7 31. Kh2 f5 32. Kg3 Kf6 33. Nxb7
Rxb7 34. Rd6+ Ke5 35. Rxa6 f4+ 36. Kh2 Rc7 37. Kg1 Rxc2 38. Kf1 e3 39. fxe3
fxe3 40. Ra5 Ke4 41. Rxb5 Rf2+ 42. Ke1 Rxg2 43. Rxh5 g5 44. Rh8 Rxa2 45. Rg8
1/2-1/2

[Event "Hastings Masters"]
[Site "?"]
[Date "2010.01.02"]
[Round "6.46"]
[White "Gibson, Christopher A"]
[Black "Calvert, D Ian"]
[Result "1-0"]
[WhiteElo "1964"]
[BlackElo "2070"]
[PlyCount "43"]
[EventDate "2010.??.??"]
[SourceDate "2010.01.02"]

1. d4 d5 2. c4 c6 3. Nf3 Nf6 4. Nc3 dxc4 5. a4 Bf5 6. e3 e6 7. Bxc4 Bb4 8. O-O
Nbd7 9. Qe2 Bg4 10. Rd1 Qa5 11. e4 e5 12. d5 O-O 13. h3 Bxf3 14. Qxf3 Nb6 15.
Bb3 Rad8 16. Bg5 Rd6 17. dxc6 Rxc6 18. Rd3 Rfc8 19. Rad1 h6 20. Rd8+ Kh7 21.
Bxf7 hxg5 22. Qf5+ 1-0

[Event "Hastings Masters"]
[Site "?"]
[Date "2010.01.02"]
[Round "6.47"]
[White "Obiamiwe, Paul"]
[Black "Dean, Michael"]
[Result "1-0"]
[WhiteElo "2046"]
[BlackElo "1718"]
[PlyCount "65"]
[EventDate "2010.??.??"]
[SourceDate "2010.01.02"]

1. Nf3 Nf6 2. c4 g6 3. Nc3 Bg7 4. e4 d6 5. d4 O-O 6. h3 e5 7. d5 Na6 8. Be2 Nc5
9. Qc2 a5 10. b3 c6 11. Be3 Ne8 12. Rd1 Qc7 13. Qd2 f5 14. Bxc5 dxc5 15. d6 Qd7
16. Na4 fxe4 17. Ng5 Qf5 18. Bg4 Qf6 19. Nxe4 Qf4 20. Qxf4 Rxf4 21. f3 Bxg4 22.
hxg4 Rd8 23. Naxc5 Rxe4+ 24. Nxe4 b6 25. Ke2 Bf8 26. d7 Nc7 27. Nf6+ Kf7 28.
Nxh7 Ne6 29. Nxf8 Nxf8 30. Rd6 Ne6 31. Rh7+ Kg8 32. Re7 Nd4+ 33. Kf2 1-0

[Event "Hastings Masters"]
[Site "?"]
[Date "2010.01.02"]
[Round "6.48"]
[White "Macrae, James S"]
[Black "Pickersgill, Adrian O"]
[Result "0-1"]
[WhiteElo "1753"]
[BlackElo "2014"]
[PlyCount "106"]
[EventDate "2010.??.??"]
[SourceDate "2010.01.02"]

1. d4 d5 2. Nf3 Nc6 3. c3 Bg4 4. Bg5 f6 5. Bf4 e6 6. h3 Bh5 7. Nbd2 Bd6 8. Bxd6
Qxd6 9. Qb3 Nge7 10. e3 O-O 11. Be2 a6 12. a4 a5 13. Qd1 Rae8 14. O-O Kh8 15.
Kh1 g5 16. Nh2 Bg6 17. Nb3 b6 18. Bb5 Nf5 19. Rc1 Re7 20. c4 dxc4 21. Bxc4 Nb4
22. e4 Nh4 23. Qe2 Be8 24. Bb5 Nc6 25. Rfd1 Ng6 26. g3 Nb4 27. Nf3 f5 28. e5
Qd5 29. Bc4 Qb7 30. Kg1 h6 31. Bb5 g4 32. hxg4 fxg4 33. Nfd2 Bxb5 34. axb5 Ref7
35. Ne4 h5 36. Nf6 Nd5 37. Qe4 Nge7 38. f3 gxf3 39. Qxf3 Rh7 40. Qe4 Rh6 41.
Rc2 Nf5 42. Rc3 Qa8 43. Rf3 Nxf6 44. Qxa8 Rxa8 45. exf6 Rxf6 46. Rdf1 Rg6 47.
Kh2 Rag8 48. d5 Nxg3 49. dxe6 Nxf1+ 50. Rxf1 Rxe6 51. Nd4 Re4 52. Nf3 Rf4 53.
Rf2 Rgf8 0-1

[Event "Hastings Masters"]
[Site "?"]
[Date "2010.01.02"]
[Round "6.49"]
[White "Haria, Ravi"]
[Black "McDonnell, James J"]
[Result "1/2-1/2"]
[WhiteElo "1840"]
[BlackElo "2014"]
[PlyCount "88"]
[EventDate "2010.??.??"]
[SourceDate "2010.01.02"]

1. e4 c5 2. Nc3 Nc6 3. Bb5 g6 4. Bxc6 dxc6 5. f4 Bg7 6. d3 Nf6 7. Nf3 O-O 8.
O-O Bg4 9. Qe1 Bxf3 10. Rxf3 c4 11. Qh4 cxd3 12. cxd3 e6 13. g4 Nd7 14. g5 h5
15. Be3 Qa5 16. e5 Qb4 17. Qf2 Rfd8 18. Ne4 Bf8 19. Rc1 Qa5 20. a3 Qa6 21. Qc2
Nb6 22. Bc5 Nd5 23. Bxf8 Kxf8 24. Nc5 Qb6 25. d4 Ne7 26. Rb3 Qc7 27. Rxb7 Qc8
28. Qe4 Nf5 29. Rb4 Rb8 30. Rcc4 a5 31. Rxb8 Qxb8 32. b3 Qb5 33. a4 Qb6 34. Kg2
Ke7 35. Qd3 Rd5 36. Qc3 Nxd4 37. Rxd4 Rxc5 38. Rc4 Rxc4 39. Qxc4 Qe3 40. Qxc6
Qxf4 41. Qc5+ Ke8 42. Qc8+ Ke7 43. Qc5+ Ke8 44. Qc8+ Ke7 1/2-1/2

[Event "Hastings Masters"]
[Site "?"]
[Date "2010.01.02"]
[Round "6.50"]
[White "Yurenok, Maria"]
[Black "Nomat, Emil-Lion"]
[Result "0-1"]
[WhiteElo "1968"]
[BlackElo "1809"]
[PlyCount "88"]
[EventDate "2010.??.??"]
[SourceDate "2010.01.02"]

1. d4 Nf6 2. c4 e6 3. Nf3 d5 4. cxd5 exd5 5. Nc3 g6 6. Bg5 Bg7 7. Qb3 c6 8. e3
Qb6 9. Qxb6 axb6 10. Bd3 O-O 11. O-O Na6 12. a3 Nc7 13. Rac1 Ne6 14. Bh4 Nd7
15. g4 b5 16. Bg3 Nb6 17. g5 f5 18. gxf6 Rxf6 19. Kg2 Nc4 20. Rc2 Bh6 21. Re1
Ng7 22. e4 Nh5 23. Bxc4 dxc4 24. Ne5 Nf4+ 25. Bxf4 Bxf4 26. f3 c5 27. Nxb5 cxd4
28. Nxc4 d3 29. Rf2 Bd7 30. Nc3 Rc6 31. Nd2 Bg5 32. Rd1 Be3 33. Rff1 Ra5 34.
Nd5 Rxd5 35. exd5 Rc2 36. Rf2 Ba4 37. b3 Bxb3 38. Rb1 Bxd5 39. Rd1 Ra2 40. Kg3
Bxf2+ 41. Kxf2 Bb3 42. Rb1 Rxd2+ 43. Ke3 Bc2 44. Rxb7 Re2+ 0-1

[Event "Hastings Masters"]
[Site "?"]
[Date "2010.01.02"]
[Round "6.51"]
[White "Sanders, Isaac B"]
[Black "Moore, Gillian A"]
[Result "1/2-1/2"]
[WhiteElo "1777"]
[BlackElo "1902"]
[PlyCount "100"]
[EventDate "2010.??.??"]
[SourceDate "2010.01.02"]

1. c4 Nf6 2. Nc3 e5 3. g3 d5 4. cxd5 Nxd5 5. Bg2 Nxc3 6. dxc3 Qxd1+ 7. Kxd1 c6
8. e4 Bc5 9. Ke2 Be6 10. b3 O-O 11. Be3 Bxe3 12. Kxe3 g6 13. Nf3 f6 14. Rad1
Na6 15. Rd6 Kf7 16. Rhd1 Ke7 17. Bf1 Nc5 18. Be2 Rfd8 19. Rxd8 Rxd8 20. Rxd8
Kxd8 21. Nd2 b5 22. h4 Kc7 23. Bd1 h6 24. Nf3 Kd6 25. b4 Nd7 26. Bb3 Bh3 27.
Nh2 Be6 28. Nf3 Bxb3 29. axb3 c5 30. h5 Nf8 31. Nh4 gxh5 32. Nf5+ Kc6 33. Nxh6
cxb4 34. cxb4 Kd7 35. Nf5 Ne6 36. Kd3 a6 37. Ne3 Nc7 38. Kd2 Ke6 39. Ke1 Kf7
40. Nf5 Kg6 41. Ke2 Kg5 42. f3 Ne6 43. Ke3 Kg6 44. Ne7+ Kg5 45. Nf5 Kg6 46. Kf2
Kg5 47. Kg2 Kg6 48. Ne7+ Kg5 49. Nc6 Nc7 50. Kh3 Ne6 1/2-1/2

[Event "Hastings Masters"]
[Site "?"]
[Date "2010.01.02"]
[Round "6.52"]
[White "O'Neil, Tom C"]
[Black "Devoille, Hugo"]
[Result "0-1"]
[WhiteElo "1523"]
[BlackElo "1691"]
[PlyCount "40"]
[EventDate "2010.??.??"]
[SourceDate "2010.01.02"]

1. e4 c5 2. Nf3 e6 3. g3 Nc6 4. Bg2 d5 5. exd5 exd5 6. O-O Be6 7. Re1 Nf6 8. d3
h6 9. Nc3 Be7 10. h3 O-O 11. Bf4 Qd7 12. Ne5 Nxe5 13. Rxe5 Bd6 14. Nxd5 Bxe5
15. Bxe5 Nxd5 16. Kh2 f6 17. Bc3 Nxc3 18. bxc3 Bd5 19. Bf1 Bc6 20. Be2 Qd5 0-1